| 000 | 00599nam a22002297a 4500 | ||
|---|---|---|---|
| 001 | 14426 | ||
| 003 | BD-JhCC | ||
| 005 | 20251104131015.0 | ||
| 008 | 251104b |||||||| |||| 00| 0 eng d | ||
| 020 | _a9780141397467 | ||
| 035 | _a(BD-JhCC) 14426 | ||
| 040 |
_aBD-JhCC _dBD-JhCC |
||
| 041 | _aeng | ||
| 082 |
_223 _a889.11 _bCAV |
||
| 100 | _aCavafy, C.P. | ||
| 245 |
_aRemember, Body ... / _cC.P. Cavafy |
||
| 260 |
_aUK: _bPenguin Classics, _c2015 |
||
| 300 |
_a53 p.; _c17 cm. |
||
| 490 |
_aPenguin Little Black Classics, _v43 |
||
| 650 | _aTwentieth-Century Greek Poems | ||
| 942 |
_2ddc _cBK |
||
| 999 |
_c14426 _d14426 |
||